शेअर्सचा व्यापार (Record no. 404125)

MARC details
000 -LEADER
fixed length control field 00489nam a2200157Ia 4500
008 - FIXED-LENGTH DATA ELEMENTS--GENERAL INFORMATION
fixed length control field 100122s9999 xx 000 0 und d
082 ## - DEWEY DECIMAL CLASSIFICATION NUMBER
Item number 13294
Classification number 332.6322
100 ## - MAIN ENTRY--PERSONAL NAME
Personal name रानडे स अ
245 ## - TITLE STATEMENT
Title शेअर्सचा व्यापार
250 ## - EDITION STATEMENT
Edition statement 0
260 ## - PUBLICATION, DISTRIBUTION, ETC. (IMPRINT)
Name of publisher, distributor, etc उद्यम प्रकाशन
Date of publication, distribution, etc 1965
300 ## - PHYSICAL DESCRIPTION
Extent 40
630 ## - SUBJECT ADDED ENTRY--UNIFORM TITLE
Uniform title शेअर्सचा व्यापार
730 ## - ADDED ENTRY--UNIFORM TITLE
Uniform title शेअर्सचा व्यापार
942 ## - ADDED ENTRY ELEMENTS (KOHA)
Koha item type Book

No items available.